[Event "Tourn. n8422"]
[Site "www.chess-mail.com"]
[Date "2015.11.07"]
[Round "1"]
[White "Aperturaf"]
[Black "Cathar"]
[WhiteElo "2390"]
[BlackElo "2260"]
[Result "1-0"]
[Round "1"]
1.e4 d5
2.exd5 Qd8xd5
3.Nb1c3 Qd5d6
4.d4 Ng8f6
5.Ng1f3 c6
6.Nf3e5 Nb8d7
7.Ne5c4 Qd6c7
8.a4 a5
9.Bf1e2 g6
10.O-O Bf8g7
11.Rf1e1 O-O
12.Be2f3 Rf8e8
13.h3 Nd7b6
14.Nc4e5 Bc8e6
15.Bc1f4 Qc7d8
16.Qd1d2 Nb6c4
17.Ne5xc4 Be6xc4
18.b3 Bc4d5
19.Nc3xd5 cxd5
20.Bf4e5 e6
21.c4 b6
22.Ra1c1 Ra8c8
23.Re1e2 dxc4
24.bxc4 Nf6d7
25.Be5g3 Nd7b8
26.d5 Nb8d7
27.dxe6 fxe6
28.Bf3b7 Rc8c5
29.Rc1d1 { resign }
1-0

[Event "Tourn. n8409"]
[Site "www.chess-mail.com"]
[Date "2015.11.07"]
[Round "1"]
[White "Llcervello"]
[Black "Gatrooper"]
[WhiteElo "1670"]
[BlackElo "1650"]
[Result "1-0"]
[Round "1"]
1.e4 e5
2.d3 h6
3.f3 a6
4.Nb1c3 Ng8f6
5.g4 Nb8c6
6.a3 Nc6d4
7.Bc1e3 Nd4c6
8.h4 d6
9.b4 Bf8e7
10.h5 Bc8d7
11.Ng1h3 g5
12.Ra1b1 Be7f8
13.Qd1d2 a5
14.b5 Nc6e7
15.d4 b6
16.d5 c5
17.a4 Bf8g7
18.Be3xg5 hxg5
19.Qd2xg5 Rh8h7
20.Qg5e3 Nf6g8
21.g5 Bd7xh3
22.Rh1xh3 Qd8d7
23.f4 O-O-O
24.f5 f6
25.h6 Bg7f8
26.Rh3h5 fxg5
27.Qe3xg5 Bf8xh6
28.Qg5h4 Rd8f8
29.Bf1h3 Kb8
30.f6 Qd7c7
31.fxe7 Rh7xe7
32.Rh5xh6 Ng8xh6
33.Qh4xh6 Rf8g8
34.Kd2 Re7h7
35.Qh6e6 Rh7e7
36.Qe6xg8 Kb7
37.Rb1f1 Re7g7
38.Qg8f8 Rg7e7
39.Nc3e2 Re7h7
40.Rf1f3 c4
41.c3 Qc7g7
42.Bh3c8 Kc7
43.Qf8f5 Qg7h6
44.Kc2 Rh7e7
45.Bc8e6 Qh6h2
46.Rf3f2 Qh2h7
47.Qf5f8 Qh7xe4
48.Kb2 Re7xe6
49.Rf2f7 Re6e7
50.Rf7xe7 { resign }
1-0

[Event "Tourn. n8427"]
[Site "www.chess-mail.com"]
[Date "2015.11.07"]
[Round "1"]
[White "Liencam2"]
[Black "Luban"]
[WhiteElo "2300"]
[BlackElo "2140"]
[Result "1-0"]
[Round "1"]
1.e4 c5
2.Nb1c3 e6
3.Ng1f3 a6
4.d4 cxd4
5.Nf3xd4 d6
6.Bc1e3 Ng8f6
7.g4 h6
8.Bf1g2 Qd8c7
9.Qd1e2 Bc8d7
10.h3 Nb8c6
11.f4 Bf8e7
12.O-O-O Ra8b8
13.Bg2f3 b5
14.g5 hxg5
15.fxg5 Nf6h7
16.g6 Nh7g5
17.gxf7 Ng5xf7
18.Qe2g2 Be7f6
19.Qg2g6 Nc6e5
20.Qg6g2 Ne5xf3
21.Qg2xf3 Nf7e5
22.Qf3g2 Ne5c4
23.Be3g5 Kf7
24.Rh1g1 Rb8g8
25.Rd1f1 b4
26.Nc3d1 e5
27.Nd4f5 Bd7xf5
28.Rf1xf5 a5
29.Rg1f1 Qc7e7
30.Qg2f3 { resign }
1-0

[Event "Tourn. n8462"]
[Site "www.chess-mail.com"]
[Date "2015.11.07"]
[Round "1"]
[White "Norlavuaram"]
[Black "Jhw"]
[WhiteElo "2260"]
[BlackElo "2000"]
[Result "1-0"]
[Round "1"]
1.e4 d5
2.exd5 Qd8xd5
3.Nb1c3 Qd5d4
4.Ng1f3 Qd4g4
5.d4 Bc8f5
6.h3 Qg4g6
7.Nf3e5 Qg6e6
8.Bf1c4 Qe6b6
9.Bc4xf7 Kd8
10.Bf7b3 Bf5g6
11.O-O c6
12.d5 c5
13.Bc1e3 Qb6c7
14.Be3f4 Qc7a5
15.Ne5c4 Qa5a6
16.d6 exd6
17.Bf4xd6 Bf8xd6
18.Nc4xd6 Nb8d7
19.Bb3c4 Qa6b6
20.b3 Qb6c6
21.Qd1d2 Ng8f6
22.Ra1d1 Bg6h5
23.g4 Nf6xg4
24.hxg4 Qc6f3
25.Qd2g5 Nd7f6
26.Nd6f7 Ke8
27.Rf1e1 Kf8
28.Qg5xc5 { resign }
1-0

[Event "Tourn. n8469"]
[Site "www.chess-mail.com"]
[Date "2015.11.07"]
[Round "1"]
[White "Umzi"]
[Black "Bojan"]
[WhiteElo "2200"]
[BlackElo "2040"]
[Result "1-0"]
[Round "1"]
1.e4 e5
2.Ng1f3 Nb8c6
3.Bf1b5 d6
4.d4 Bc8g4
5.d5 a6
6.Bb5a4 b5
7.dxc6 bxa4
8.h3 Bg4h5
9.g4 Bh5g6
10.Nb1c3 a3
11.b3 Ng8e7
12.Bc1xa3 Ne7xc6
13.Qd1d2 Bf8e7
14.Ba3b2 h6
15.h4 Qd8d7
16.O-O-O Qd7xg4
17.Qd2e3 Bg6h5
18.Nf3d2 Nc6d4
19.Nc3d5 Kd7
20.Bb2xd4 Rh8c8
21.Bd4b2 Be7xh4
22.Rd1g1 Bh4xf2
23.Qe3xf2 Qg4e6
24.Rh1xh5 Rc8g8
25.Qf2f5 { resign }
1-0

[Event "Tourn. n8412"]
[Site "www.chess-mail.com"]
[Date "2015.11.07"]
[Round "1"]
[White "Cardiff"]
[Black "Falcoale"]
[WhiteElo "1780"]
[BlackElo "1890"]
[Result "1/2-1/2"]
[Round "1"]
1.Ng1f3 c5
2.c4 Nb8c6
3.d4 cxd4
4.Nf3xd4 e6
5.Nb1c3 a6
6.e3 Ng8f6
7.Bf1e2 Bf8e7
8.O-O O-O
9.b3 Nc6e5
10.Bc1b2 Ne5g6
11.Be2f3 Ng6e5
12.Bf3e2 d5
13.cxd5 Nf6xd5
14.Nc3xd5 Qd8xd5
15.Nd4f3 Qd5xd1
16.Ra1xd1 Ne5xf3
17.Be2xf3 Be7c5
18.Rd1c1 { draw }
1/2-1/2

[Event "Tourn. n8454"]
[Site "www.chess-mail.com"]
[Date "2015.11.07"]
[Round "1"]
[White "Cathar"]
[Black "Yangqi"]
[WhiteElo "2270"]
[BlackElo "2550"]
[Result "0-1"]
[Round "1"]
1.Ng1f3 g6
2.d4 Bf8g7
3.g3 d6
4.Bf1g2 Ng8f6
5.O-O O-O
6.c4 c5
7.dxc5 dxc5
8.Nb1c3 Nb8c6
9.Bc1e3 b6
10.Be3f4 Bc8b7
11.Nf3e5 Qd8c8
12.Ne5xc6 Bb7xc6
13.Nc3d5 Rf8e8
14.Nd5c7 Bc6xg2
15.Kxg2 Re8d8
16.Qd1b3 g5
17.Bf4e5 Nf6g4
18.Be5xg7 Qc8xc7
19.Bg7c3 Qc7c6
20.Kg1 Qc6h6
21.h4 gxh4
22.Kg2 hxg3
23.Rf1h1 Qh6f4
{ resign }
0-1

[Event "Tourn. n8394"]
[Site "www.chess-mail.com"]
[Date "2015.11.07"]
[Round "1"]
[White "Pipas"]
[Black "Julian"]
[WhiteElo "1680"]
[BlackElo "1830"]
[Result "0-1"]
[Round "1"]
1.e4 c5
2.d4 cxd4
3.Qd1xd4 Nb8c6
4.Qd4d1 d6
5.Bf1b5 Bc8d7
6.Bb5xc6 Bd7xc6
7.Ng1e2 Ng8f6
8.O-O g6
9.h3 Bf8g7
10.Bc1g5 O-O
11.Bg5xf6 Bg7xf6
12.Ne2g3 Bf6xb2
13.Nb1d2 Bb2xa1
14.Qd1xa1 e5
15.Nd2f3 Qd8f6
16.a4 a6
17.a5 Ra8c8
18.Rf1c1 Rf8e8
19.c4 Kg7
20.Rc1e1 Bc6d7
21.Ng3e2 Rc8xc4
22.Ne2c3 Re8c8
23.Nc3d5 Qf6d8
24.Nd5b6 Rc8c6
 { time }
0-1

[Event "Tourn. n8462"]
[Site "www.chess-mail.com"]
[Date "2015.11.07"]
[Round "1"]
[White "Jhw"]
[Black "Cathar"]
[WhiteElo "1890"]
[BlackElo "2280"]
[Result "0-1"]
[Round "1"]
1.c4 e6
2.d4 Ng8f6
3.Nb1c3 Bf8b4
4.Bc1d2 O-O
5.f3 c5
6.Nc3b5 Bb4xd2
7.Qd1xd2 cxd4
8.Qd2xd4 d5
9.Nb5xa7 Qd8a5
10.b4 Qa5xa7
11.c5 Nb8c6
12.Qd4h4 Qa7a3
13.b5 Qa3c3
14.Kf2 Qc3xa1
15.bxc6 bxc6
16.Ng1h3 Ra8xa2
{ resign }
0-1

[Event "Match"]
[Site "www.echecsemail.com"]
[Date "2015.11.07"]
[Round "1"]
[White "Xkafi"]
[Black "Emerchess"]
[WhiteElo "1960"]
[BlackElo "2079"]
[Result "1-0"]
[Round "1"]
1.e4 c6
2.Bf1c4 d5
3.exd5 cxd5
4.Bc4b3 Ng8f6
5.Qd1f3 Bc8g4
6.Qf3d3 Nb8c6
7.Qd3b5 Qd8c7
8.d3 e6
9.h4 Bf8d6
10.f3 Bd6g3
11.Kd1 Qc7e5
12.Ng1e2 O-O
13.fxg4 Nf6xg4
14.Rh1f1 Ng4e3
15.Bc1xe3 Qe5xe3
16.Nb1c3 Ra8c8
17.Rf1f3 Nc6d4
18.Rf3xe3 Nd4xb5
19.Re3xg3 Nb5xc3
20.Ne2xc3 a6
21.Kd2 Rc8c7
22.Nc3e2 Rf8c8
23.Ne2d4 b5
24.a3 { resign }
1-0

[Event "Match"]
[Site "www.echecsemail.com"]
[Date "2015.11.07"]
[Round "1"]
[White "Goosebumps"]
[Black "Pare123"]
[WhiteElo "2119"]
[BlackElo "2010"]
[Result "1-0"]
[Round "1"]
1.e4 c5
2.d4 e6
3.Ng1f3 Nb8c6
4.Nb1c3 a6
5.Bc1e3 cxd4
6.Be3xd4 f6
7.Bf1e2 Bf8b4
8.O-O e5
9.Bd4e3 Bb4xc3
10.bxc3 Ng8e7
11.c4 O-O
12.c3 d6
13.Ra1b1 Ra8b8
14.Be3b6 Qd8e8
15.c5 dxc5
16.Qd1b3 Kh8
17.Bb6xc5 Bc8d7
18.Bc5d6 b5
19.Bd6xb8 Nc6xb8
20.c4 Ne7g6
21.cxb5 axb5
22.Be2xb5 Bd7xb5
23.Qb3xb5 Qe8d8
24.Rf1d1 Qd8c7
25.a4 Ng6e7
26.Nf3d2 Nb8c6
27.Rd1c1 Rf8c8
28.Nd2c4 Nc6a7
29.Qb5b7 Qc7xb7
30.Rb1xb7 Ne7c6
31.Nc4a5 Nc6xa5
32.Rc1xc8 Na7xc8
33.Rb7b8 { resign }
1-0

[Event "Match"]
[Site "www.echecsemail.com"]
[Date "2015.11.07"]
[Round "1"]
[White "Coraza"]
[Black "Pinehill"]
[WhiteElo "1680"]
[BlackElo "1920"]
[Result "1-0"]
[Round "1"]
1.e4 d5
2.exd5 Ng8f6
3.Bf1b5 Bc8d7
4.Qd1e2 Nf6xd5
5.Nb1c3 c6
6.Bb5c4 Nd5b6
7.Bc4b3 g6
8.Qe2f3 e6
9.d3 Bf8g7
10.Nc3e4 Qd8e7
11.Ng1h3 Nb8a6
12.Bc1e3 Nb6d5
13.Bb3xd5 exd5
14.Ne4g3 Bd7xh3
15.gxh3 d4
16.Qf3e4 dxe3
17.Qe4xe7 Kxe7
18.fxe3 Rh8e8
19.c3 Kf8
20.e4 f5
21.O-O-O f4
22.Rh1f1 g5
23.d4 Kg8
24.Ng3f5 Re8xe4
25.Nf5d6 Re4e3
26.Nd6xb7 Re3xh3
27.Rf1g1 h6
28.Nb7a5 Ra8c8
29.Rg1g2 c5
30.d5 c4
31.Rg2d2 Rc8c5
32.Na5c6 Rc5a5
33.Nc6xa5 Na6c5
34.d6 Nc5d3
35.Kc2 f3
36.Na5xc4 Nd3c5
37.d7 Nc5xd7
38.Rd2xd7 Rh3xh2
39.Kc1 Rh2e2
40.Rd1f1 g4
41.Kd1 Bg7xc3
42.bxc3 Re2xa2
43.Rf1e1 Ra2a1
44.Kd2 Ra1xe1
45.Kxe1 { resign }
1-0

[Event "Match"]
[Site "www.echecsemail.com"]
[Date "2015.11.07"]
[Round "1"]
[White "Chessticles"]
[Black "Osmundw"]
[WhiteElo "1469"]
[BlackElo "1639"]
[Result "0-1"]
[Round "1"]
1.Ng1f3 d6
2.b4 Nb8c6
3.g3 Nc6xb4
4.a3 Nb4d5
5.Bf1g2 Bc8g4
6.d3 Ng8f6
7.e4 { time. }
0-1

[Event "Match"]
[Site "www.echecsemail.com"]
[Date "2015.11.07"]
[Round "1"]
[White "Conde7"]
[Black "Schwiizer"]
[WhiteElo "2850"]
[BlackElo "2770"]
[Result "1/2-1/2"]
[Round "1"]
1.e4 c5
2.Ng1f3 d6
3.d4 cxd4
4.Nf3xd4 Ng8f6
5.Nb1c3 Nb8c6
6.Bc1g5 e6
7.Qd1d2 a6
8.O-O-O Bf8e7
9.Kb1 O-O
10.Bg5xf6 gxf6
11.h4 Kh8
12.g4 Nc6xd4
13.Qd2xd4 Ra8b8
14.Qd4a7 Bc8d7
15.f4 b5
16.Qa7xa6 Qd8c7
17.Nc3xb5 Bd7xb5
18.Bf1xb5 Rf8c8
19.Qa6a4 Qc7b7
20.c4 Qb7xe4
21.Ka1 Rb8a8
22.Qa4b3 Qe4xf4
23.g5 f5
24.Kb1 Be7f8
25.Qb3d3 Ra8b8
26.Rd1f1 Qf4e5
27.Rf1e1 Qe5f4
{ draw }
1/2-1/2

[Event "Match"]
[Site "www.echecsemail.com"]
[Date "2015.11.07"]
[Round "1"]
[White "Docemachess"]
[Black "Bojan"]
[WhiteElo "1299"]
[BlackElo "1930"]
[Result "0-1"]
[Round "1"]
1.d4 d5
2.c4 dxc4
3.e3 b5
4.Bf1e2 Bc8b7
5.Be2f3 Nb8c6
6.a3 Ra8b8
7.Ng1e2 e5
8.O-O exd4
9.exd4 Bf8d6
10.Nb1c3 Qd8f6
11.Nc3d5 Qf6d8
12.Bc1e3 Ng8e7
13.Ra1c1 Ne7g6
14.Rf1e1 Nc6e7
15.Ne2f4 Ng6h4
16.g3 Nh4xf3
17.Qd1xf3 Bd6xf4
18.Qf3xf4 Bb7xd5
19.Qf4e5 O-O
20.Be3f4 Ne7g6
21.Qe5xc7 Qd8f6
22.Qc7c5 Rf8c8
23.Qc5xd5 Ng6xf4
24.gxf4 Qf6xf4
 { time }
0-1

[Event "Match"]
[Site "www.echecsemail.com"]
[Date "2015.11.07"]
[Round "1"]
[White "Goofy"]
[Black "Docemachess"]
[WhiteElo "2260"]
[BlackElo "1299"]
[Result "1-0"]
[Round "1"]
1.e4 c5
2.Ng1f3 d6
3.d4 cxd4
4.Nf3xd4 Ng8f6
5.Nb1c3 e5
6.Nd4b3 Bf8e7
7.h3 O-O
8.g4 Nb8c6
9.Bc1e3 d5
10.Nc3xd5 Bc8e6
11.Nd5xe7 Qd8xe7
12.Be3c5 Rf8d8
13.Bc5xe7 Rd8xd1
14.Ra1xd1 Nf6xe4
15.Be7h4 b6
16.Bf1g2 f5
17.f3 Ne4f6
18.Kf2  { time }
1-0

[Event "Match"]
[Site "www.echecsemail.com"]
[Date "2015.11.07"]
[Round "1"]
[White "Carlosto"]
[Black "Daviko"]
[WhiteElo "1480"]
[BlackElo "1530"]
[Result "0-1"]
[Round "1"]
1.d4 e6
2.e3 d5
3.Ng1f3 Ng8f6
4.Bf1d3 Nf6g4
5.O-O Bf8d6
6.h3 Ng4h6
7.c4 O-O
8.Nf3g5 Qd8xg5
9.Qd1f3 Nb8c6
10.cxd5 Nc6b4
11.Qf3e4 Nb4xd3
12.Qe4xd3 exd5
13.e4 Qg5g6
14.Nb1c3 Rf8e8
15.Rf1e1 f5
16.Qd3b5 c6
17.Qb5a4 fxe4
18.f3 Bc8xh3
19.Re1e2 exf3
20.Re2xe8 Ra8xe8
{ resign }
0-1

[Event "Match"]
[Site "www.echecsemail.com"]
[Date "2015.11.07"]
[Round "1"]
[White "Tomcapp"]
[Black "Dulap"]
[WhiteElo "1640"]
[BlackElo "999"]
[Result "0-1"]
[Round "1"]
1.e4 e5
2.Ng1f3 Nb8c6
3.Bf1b5 a6
4.Bb5xc6 dxc6
5.d3 Bf8d6
6.Bc1e3 Ng8f6
7.Be3g5 O-O
8.Bg5xf6 Qd8xf6
9.Nb1d2 Bc8g4
10.c4 Bd6b4
11.a3 Bb4xd2
12.Qd1xd2 Bg4xf3
13.gxf3 Qf6xf3
14.Rh1g1 Kh8
15.Qd2e2 Qf3xe2
16.Kxe2 f5
17.exf5 Rf8xf5
18.f3 Rf5h5
19.Rg1g2 Ra8f8
20.Ra1f1 Rh5h3
21.Kd2 Rh3xf3
22.Rf1g1 Rf3f2
23.Rg2xf2 Rf8xf2
24.Kc3 Rf2xh2
25.b4 h5
26.Rg1g5 h4
27.Rg5xe5 h3
28.Re5e7 Rh2g2
29.Re7e3 h2
30.Re3h3 Kg8
31.c5 g5
32.d4 g4
{ resign }
0-1

[Event "Match"]
[Site "www.echecsemail.com"]
[Date "2015.11.07"]
[Round "1"]
[White "Daviko"]
[Black "Carlosto"]
[WhiteElo "1470"]
[BlackElo "1490"]
[Result "1-0"]
[Round "1"]
1.e4 e5
2.Ng1f3 c5
3.Nf3xe5 d6
4.Ne5c4 g6
5.g3 Bf8h6
6.d4 d5
7.exd5 Qd8xd5
8.Qd1e2 Ng8e7
9.Bc1xh6 Qd5xh1
10.Nc4d6 Kd7
11.Nd6xf7 Rh8e8
12.Qe2g4 Ne7f5
13.Nf7e5 Ke6
14.f4 Qh1xh2
15.Bf1c4 Kd6
16.Nb1d2 Qh2xh6
17.Nd2e4 Ke7
18.dxc5 Qh6h1
19.Bc4f1 Qh1xe4
20.Bf1e2 Re8d8
21.Qg4g5 Ke8
22.Ra1d1 Nf5d4
23.Rd1d2 Nd4xe2
24.Rd2xe2 Qe4b4
25.c3 Qb4xc5
26.Ne5xg6 Kf7
27.Qg5xc5 Kxg6
28.Re2e6 Bc8xe6
29.Qc5e7 Nb8c6
30.Qe7xe6 Kh5
31.Qe6f7 Kg4
32.Qf7xb7 Ra8c8
33.Kf2 Rd8d2
34.Ke3 Rd2d8
35.Qb7g7 Kh3
36.Kf3 Rd8d3
37.Ke4 Rd3xg3
38.Qg7d7 { resign }
1-0

[Event "Match"]
[Site "www.echecsemail.com"]
[Date "2015.11.07"]
[Round "1"]
[White "Pinehill"]
[Black "Billyg"]
[WhiteElo "1990"]
[BlackElo "1640"]
[Result "1-0"]
[Round "1"]
1.d4 d6
2.e4 e5
3.Ng1f3 Bc8g4
4.dxe5 Bg4xf3
5.Qd1xf3 dxe5
6.Bf1c4 Qd8e7
7.O-O Nb8c6
8.Bc1e3 Ng8f6
9.Nb1c3 O-O-O
10.a3 h6
11.Rf1d1 Rd8xd1
12.Ra1xd1 a6
13.Bc4d5 Qe7e8
14.Qf3f5 Kb8
15.Bd5xc6 bxc6
16.Qf5h3 Bf8d6
17.Nc3a4 Nf6xe4
18.Qh3g4 Qe8f8
19.Qg4xe4 Qf8e8
20.Na4c5 Bd6xc5
21.Be3xc5 Qe8e6
22.Qe4b4 Kc8
23.Qb4a5 Kb7
24.Rd1d3 Qe6a2
25.Rd3b3 Kc8
26.Qa5xa6 Kd7
27.Rb3d3 Ke6
28.Qa6xc6 Kf5
29.Rd3f3 Kg5
30.h4 Kh5
31.Rf3f5 g5
32.Qc6f3 Kg6
33.h5 Kg7
34.b3 Rh8f8
35.Bc5xf8 Kg8
36.Bf8xh6 f6
37.Qf3d5 Kh7
38.Rf5xf6 Qa2a1
39.Kh2 e4
40.Qd5f7 { resign }
1-0

[Event "Match"]
[Site "www.echecsemail.com"]
[Date "2015.11.07"]
[Round "1"]
[White "Mdesouza"]
[Black "Jhw"]
[WhiteElo "2190"]
[BlackElo "1940"]
[Result "1-0"]
[Round "1"]
1.e4 c5
2.Ng1f3 e6
3.d4 d5
4.exd5 Qd8xd5
5.Nb1c3 Qd5d6
6.Bc1e3 Nb8d7
7.Bf1b5 Ng8f6
8.dxc5 Qd6xd1
9.Ra1xd1 a6
10.Bb5a4 b5
11.Nc3xb5 axb5
12.Ba4xb5 Ra8xa2
13.c6 Bf8b4
14.c3 Bb4a5
15.b4 Ba5c7
16.cxd7 Bc8xd7
17.Bb5xd7 Nf6xd7
18.O-O Ke7
19.Rd1d3 Nd7e5
20.Nf3xe5 Bc7xe5
21.Rf1d1 Kf6
22.Be3d4 Be5xd4
23.Rd3xd4 g5
24.g4 Ra2c2
25.c4 h5
26.h3 hxg4
27.hxg4 Ke5
28.Rd1d2 Rh8h4
29.Rd2xc2 Kxd4
30.f3 Ke3
31.Kg2 Kd3
32.Rc2c1 f5
33.gxf5 exf5
34.b5 Rh4xc4
35.Rc1xc4 Kxc4
36.b6 Kc5
37.b7 { resign }
1-0

[Event "Match"]
[Site "www.echecsemail.com"]
[Date "2015.11.07"]
[Round "1"]
[White "Goosebumps"]
[Black "Mdesouza"]
[WhiteElo "2060"]
[BlackElo "2190"]
[Result "0-1"]
[Round "1"]
1.e4 e6
2.d4 d5
3.Nb1c3 Ng8f6
4.e5 Nf6d7
5.Qd1g4 c5
6.Bf1b5 Nb8c6
7.Bb5xc6 bxc6
8.Bc1e3 Qd8b6
9.Ra1b1 cxd4
10.Qg4xd4 c5
11.Qd4f4 d4
{ resign }
0-1

[Event "Fast Game"]
[Site "www.echecsemail.com"]
[Date "2015.11.07"]
[Round "1"]
[White "Hennie4820"]
[Black "Naujzaid"]
[WhiteElo "1590"]
[BlackElo "1439"]
[Result "1-0"]
[Round "1"]
1.e4 c5
2.Ng1f3 d6
3.d4 cxd4
4.Nf3xd4 Ng8f6
5.Nb1c3 e6
6.Bc1e3 Nb8c6
7.f3 Bf8e7
8.Bf1b5 Bc8d7
9.O-O O-O
10.Qd1d2 Nc6xd4
11.Be3xd4 a6
{ time. }
1-0

[Event "Tourn. n8342"]
[Site "www.chess-mail.com"]
[Date "2015.11.08"]
[Round "1"]
[White "Sontuozio"]
[Black "Cobramanca"]
[WhiteElo "2080"]
[BlackElo "2270"]
[Result "0-1"]
[Round "1"]
1.d4 d5
2.Ng1f3 Ng8f6
3.e3 c5
4.c3 Nb8c6
5.Bf1d3 Bc8g4
6.Nb1d2 e5
7.dxe5 Nc6xe5
8.Bd3e2 Ne5c6
9.O-O Bf8d6
10.h3 Bg4f5
11.Nd2b3 O-O
12.Be2d3 Bf5xd3
13.Qd1xd3 c4
14.Qd3f5 cxb3
15.axb3 Qd8c8
16.Qf5g5 Qc8e6
17.Nf3d4 Qe6e5
18.Qg5xe5 Bd6xe5
19.Nd4f5 g6
20.Nf5h4 Rf8e8
21.Nh4f3 Be5c7
22.b4 a6
23.b3 Nf6e4
24.Bc1b2 Nc6e5
25.Rf1d1 Re8d8
26.c4 Ne5xf3
27.gxf3 Ne4g5
28.f4 Ng5f3
29.Kf1 dxc4
30.bxc4 Nf3d2
31.Ke2 Nd2xc4
32.Bb2d4 Bc7d6
33.Ra1c1 Rd8c8
34.Bd4c3 f5
35.h4 h5
36.Rd1g1 Kf7
37.Rg1g5 Bd6e7
38.Rg5g2 Be7xh4
39.Bc3d4 Bh4e7
40.Rc1g1 Rc8c6
41.Bd4c5 Be7xc5
42.bxc5 b5
{ resign }
0-1

[Event "Tourn. n8469"]
[Site "www.chess-mail.com"]
[Date "2015.11.08"]
[Round "1"]
[White "Bojan"]
[Black "Masteratches"]
[WhiteElo "2040"]
[BlackElo "2069"]
[Result "0-1"]
[Round "1"]
1.e4 c6
2.d4 d5
3.exd5 cxd5
4.Bc1d2 Nb8c6
5.c3 Bc8f5
6.Ng1f3 Ng8f6
7.Qd1b3 Qd8c7
8.Nf3h4 Bf5d7
9.Bf1e2 e6
10.g3 Bf8d6
11.f3 O-O
12.Bd2e3 Rf8e8
13.Nb1d2 e5
14.Ra1c1 Nc6xd4
15.Qb3d1 Nd4xe2
16.Kxe2 Bd6c5
17.Be3g5 Bd7b5
18.c4 dxc4
19.Nd2xc4 e4
20.Rh1e1 Ra8d8
21.Qd1b3 Qc7d7
22.Bg5xf6 Qd7d2
{ resign }
0-1

[Event "Tourn. n8447"]
[Site "www.chess-mail.com"]
[Date "2015.11.08"]
[Round "1"]
[White "Cardiff"]
[Black "Chiccogianca"]
[WhiteElo "1810"]
[BlackElo "2050"]
[Result "1/2-1/2"]
[Round "1"]
1.d4 b6
2.c4 Bc8b7
3.Nb1c3 g6
4.e4 e6
5.Ng1f3 Bf8g7
6.Bc1e3 d6
7.Bf1d3 Ng8e7
8.Qd1d2 Nb8d7
9.O-O O-O
10.b4 a6
11.a4 Ne7c6
12.b5 Nc6a5
13.Ra1b1 axb5
14.axb5 Kh8
15.Be3h6 Nd7f6
16.Bh6xg7 Kxg7
17.Rf1e1 h6
18.Qd2c2 { draw }
1/2-1/2

[Event "Tourn. n8452"]
[Site "www.chess-mail.com"]
[Date "2015.11.08"]
[Round "1"]
[White "Cathar"]
[Black "Umzi"]
[WhiteElo "2280"]
[BlackElo "2130"]
[Result "1-0"]
[Round "1"]
1.e4 d5
2.exd5 Qd8xd5
3.Nb1c3 Qd5a5
4.d4 c6
5.Ng1f3 Ng8f6
6.Nf3e5 Nb8d7
7.Ne5c4 Qa5c7
8.Qd1f3 e6
9.Bc1f4 Qc7d8
10.Nc4d6 Bf8xd6
11.Bf4xd6 Nf6d5
12.Nc3xd5 cxd5
13.O-O-O Qd8f6
14.Qf3g3 Qf6g6
15.Qg3a3 Nd7b6
16.Bf1d3 Qg6h6
17.Kb1 Bc8d7
18.Rh1e1 Nb6c8
19.Bd6e5 f6
20.Be5g3 Kf7
21.c4 dxc4
22.Bd3xc4 Nc8b6
23.Bc4xe6 Bd7xe6
24.Re1xe6 Kxe6
25.Rd1e1 Kf7
26.Re1e7 Kg6
27.Qa3d3 Kh5
28.Qd3f3 Kg6
29.Qf3e4 Kh5
30.Qe4f3 Kg6
31.h4 Qh6h5
32.Re7xg7 Kxg7
33.Qf3xh5 Rh8e8
34.Bg3f4 Nb6d7
35.Qh5g4 { resign }
1-0

[Event "Tourn. n8424"]
[Site "www.chess-mail.com"]
[Date "2015.11.08"]
[Round "1"]
[White "Tbsundar"]
[Black "Osopanda"]
[WhiteElo "2080"]
[BlackElo "1860"]
[Result "1-0"]
[Round "1"]
1.d4 d5
2.c4 e6
3.e3 c6
4.Ng1f3 Ng8f6
5.Nb1d2 Bf8e7
6.b3 Nb8d7
7.Bc1b2 O-O
8.Bf1d3 Rf8e8
9.O-O Be7f8
10.Nf3e5 Bf8d6
11.f4 Nf6e4
12.Nd2xe4 dxe4
13.Bd3xe4 c5
14.Be4xh7 Kf8
15.Qd1h5 Qd8f6
16.Ne5g4 Qf6e7
17.Bh7e4 f5
18.d5 fxe4
19.Qh5h8 { resign }
1-0

[Event "Tourn. n8406"]
[Site "www.chess-mail.com"]
[Date "2015.11.08"]
[Round "1"]
[White "Mitja"]
[Black "Francesco"]
[WhiteElo "1960"]
[BlackElo "1980"]
[Result "1/2-1/2"]
[Round "1"]
1.d4 d5
2.e3 Ng8f6
3.c3 Bc8g4
4.Bf1e2 Bg4xe2
5.Qd1xe2 e6
6.Ng1f3 c5
7.dxc5 Bf8xc5
8.Nb1d2 O-O
9.Nd2b3 Bc5b6
10.O-O Nb8d7
11.h3 Ra8c8
12.Bc1d2 Qd8e7
13.Rf1e1 Qe7d6
14.Nf3h2 Bb6c7
15.Nh2f1 a6
16.Ra1c1 b5
17.a3 Nf6e4
18.Nb3d4 Nd7c5
19.b4 Nc5d7
20.Re1d1 Nd7e5
21.Bd2e1 Ne5c4
22.f3 Ne4f6
23.Rc1a1 Qd6e5
24.Be1g3 Qe5h5
25.Bg3xc7 Rc8xc7
26.Nf1g3 Qh5g5
27.Kf2 Rf8c8
28.e4 dxe4
29.Ng3xe4 Nf6xe4
30.Qe2xe4 Nc4d6
31.Qe4g4 Qg5xg4
32.hxg4 Rc7xc3
33.Kg3 h6
34.Nd4e2 Rc3c6
35.Ne2f4 g5
36.Nf4h5 Nd6c4
37.Rd1d7 Nc4e5
38.Rd7d2 Ne5c4
39.Rd2e2 e5
40.Kh2 Rc6d6
41.a4 bxa4
42.Ra1xa4 Kh7
43.Ra4a1 Rd6b6
44.Re2a2 Rc8c6
45.Kh3 Kg6
46.Ra2e2 f5
47.Nh5g3 fxg4
48.Kxg4 Rb6xb4
49.Ng3e4 a5
50.Re2a2 Rc6a6
51.Ra2a4 Nc4e3
52.Kg3 Rb4xa4
53.Ra1xa4 h5
54.Ne4c5 Ra6a7
55.Nc5b3 h4
56.Kf2 Ne3d1
57.Kg1 Nd1c3
58.Ra4xa5 Ra7xa5
59.Nb3xa5 Kf5
60.Na5c4 e4
61.fxe4 Nc3xe4
62.Nc4e3 Kf4
63.Ne3f1 g4
64.Nf1h2 Ne4d2
65.Nh2f1 Nd2xf1
66.Kxf1 h3
67.gxh3 gxh3
68.Kg1 Kg3
69.Kh1 Kh4
70.Kh2 Kg4
{ draw }
1/2-1/2

[Event "Tourn. n8440"]
[Site "www.chess-mail.com"]
[Date "2015.11.08"]
[Round "1"]
[White "Huw"]
[Black "Cardiff"]
[WhiteElo "2040"]
[BlackElo "1790"]
[Result "1-0"]
[Round "1"]
1.d4 d5
2.c4 e6
3.Nb1c3 Bf8b4
4.Ng1f3 Ng8f6
5.Bc1g5 c5
6.cxd5 exd5
7.Ra1c1 O-O
8.dxc5 Bb4xc5
9.Bg5xf6 Qd8xf6
10.Nc3xd5 Qf6d6
11.a3 a5
12.Nf3g5 h6
13.Ng5e4 { resign }
1-0

[Event "Tourn. n8472"]
[Site "www.chess-mail.com"]
[Date "2015.11.08"]
[Round "1"]
[White "Jhw"]
[Black "Goosebumps"]
[WhiteElo "1920"]
[BlackElo "2100"]
[Result "0-1"]
[Round "1"]
1.c4 Ng8f6
2.e3 c5
3.Nb1c3 e6
4.d4 d5
5.cxd5 exd5
6.Bf1b5 Nb8c6
7.Bb5xc6 bxc6
8.Nc3a4 cxd4
9.Qd1xd4 Bf8e7
10.Ng1e2 Bc8a6
11.Ne2c3 O-O
12.h4 Qd8d7
13.f3 Rf8e8
14.g4 Qd7d6
15.Rh1h3 Nf6d7
16.f4 Be7f6
17.Qd4d1 g6
18.g5 Bf6g7
19.h5 Ba6c8
20.hxg6 fxg6
21.Rh3h4 Nd7f8
22.Kf2 d4
23.e4 Qd6e7
24.Nc3e2 Qe7xe4
25.Na4c5 Qe4d5
26.Nc5b3 Bc8b7
27.Ne2xd4 c5
28.Nb3a5 Bg7xd4
29.Bc1e3 Bd4xe3
{ resign }
0-1

[Event "Tourn. n8379"]
[Site "www.chess-mail.com"]
[Date "2015.11.08"]
[Round "1"]
[White "Osopanda"]
[Black "Bojan"]
[WhiteElo "1910"]
[BlackElo "1920"]
[Result "0-1"]
[Round "1"]
1.c4 g6
2.d4 Bf8g7
3.e4 d6
4.f4 c5
5.d5 f5
6.e5 e6
7.Ng1f3 dxe5
8.fxe5 exd5
9.cxd5 a6
10.Nb1c3 Nb8d7
11.e6 Nd7e5
12.Bc1f4 Qd8d6
13.Qd1a4 Kd8
14.Nf3xe5 Bg7xe5
15.Bf4xe5 Qd6xe5
16.Bf1e2 Ng8e7
17.O-O-O Ra8b8
18.Be2f3 Qe5d6
19.Rh1e1 g5
20.h3 h5
21.g4 hxg4
22.hxg4 fxg4
23.Bf3xg4 Rh8h4
24.Re1f1 b6
25.Rf1f8 Kc7
26.Nc3e4 Rh4xg4
27.Ne4xd6 Rg4xa4
28.Nd6xc8 Ne7xc8
29.Rf8f7 Kd6
30.Rf7d7 Ke5
31.Rd1e1 Kf6
32.e7 Nc8xe7
33.Re1xe7 Ra4d4
34.Re7e6 Kf5
35.Rd7f7 Kg4
36.d6 Rb8d8
37.d7 b5
38.Re6xa6 Rd8xd7
39.Rf7f1 b4
40.Ra6c6 Rd7d5
41.Kb1 Rd4d1
42.Rf1xd1 Rd5xd1
43.Kc2 Rd1d5
44.a3 Kf5
45.axb4 cxb4
46.Kb3 g4
47.Kxb4 g3
48.Rc6c8 Rd5d4
49.Kc5 Rd4g4
50.Kd5 Kf4
51.Rc8f8 Ke3
52.Kc5 g2
53.b4 g1Q
{ resign }
0-1

[Event "Tourn. n8412"]
[Site "www.chess-mail.com"]
[Date "2015.11.08"]
[Round "1"]
[White "Neo"]
[Black "Cardiff"]
[WhiteElo "1820"]
[BlackElo "1780"]
[Result "1-0"]
[Round "1"]
1.d4 d5
2.e3 Ng8f6
3.g3 Bc8g4
4.Ng1e2 e6
5.Bf1g2 Bf8d6
6.c3 c6
7.O-O O-O
8.Qd1d2 Nb8d7
9.b4 Nd7b6
10.Nb1a3 e5
11.dxe5 Bd6xe5
12.Ne2f4 Be5xf4
13.exf4 Rf8e8
14.Qd2d3 Bg4e2
15.Qd3f5 Be2xf1
16.Bg2xf1 Re8e1
17.Na3c2 Re1e8
18.Bf1d3 g6
19.Qf5g5 Kg7
20.f5 Nf6e4
21.Qg5h6 Kg8
22.fxg6 fxg6
23.Nc2e3 Qd8f6
24.Ne3g4 Qf6g7
25.Qh6h3 Ra8d8
26.Bc1h6 Qg7f7
27.Bd3xe4 dxe4
28.Ng4e3 Rd8d2
29.Bh6f4 g5
30.Qh3g4 h6
31.Ne3f5 Qf7f6
32.Bf4xd2 Nb6c4
33.Bd2c1 Re8e5
34.Nf5d4 Re5e8
35.Qg4e2 { resign }
1-0

[Event "Tourn. n8325"]
[Site "www.chess-mail.com"]
[Date "2015.11.08"]
[Round "1"]
[White "Julianlore"]
[Black "Nimzo"]
[WhiteElo "2560"]
[BlackElo "2770"]
[Result "1/2-1/2"]
[Round "1"]
1.e4 e6
2.d4 d5
3.e5 c5
4.c3 Qd8b6
5.Ng1f3 Nb8c6
6.a3 Bc8d7
7.b4 cxd4
8.cxd4 Ra8c8
9.Bc1e3 Ng8h6
10.Bf1d3 Nh6g4
11.O-O Bf8e7
12.Nb1d2 Ng4xe3
13.fxe3 Nc6b8
14.Nd2b3 Bd7b5
15.Qd1e2 Bb5xd3
16.Qe2xd3 O-O
17.Ra1c1 h6
18.h4 Rc8c6
19.Rc1xc6 Nb8xc6
20.Rf1c1 Rf8d8
21.Nb3c5 Rd8c8
22.Kf2 a5
23.b5 Nc6b8
24.Nc5d7 Qb6d8
25.Rc1xc8 Qd8xc8
26.Nd7xb8 Qc8xb8
27.a4 Qb8c7
28.h5 b6
29.g4 Qc7c1
30.e4 dxe4
31.Qd3xe4 Qc1d1
32.Qe4c6 Qd1xa4
33.Qc6xb6 Be7f8
34.Qb6a6 Qa4c2
35.Kg3 a4
36.b6 Qc2b3
37.b7 a3
38.Qa6a7 a2
39.b8Q Qb3xb8
40.Qa7xb8 { draw }
1/2-1/2